Statistics for Idioms About Places and Cultures

Click here to take the quiz!

General Stats

  • This quiz has been taken 7 times
  • The average score is 3 of 10

Answer Stats

Definition/MeaningIdiom% Correct
Used to say sorry before using strong languagePardon my French
86%
It takes a long time to create something impressiveRome wasn't built in a day
86%
To share the cost of something, especially a mealGo Dutch
57%
To not understand somethingIt's all Greek to me
43%
A very short time; a momentNew York minute
43%
Someone who is rebelliousA young Turk
0%
A pointless actionCarry coal to Newcastle
0%
To cross a point of no returnCross the Rubicon
0%
To be defeated by something stronger than youMeet your Waterloo
0%
An experience which changes your outlook on lifeRoad to Damascus
0%

Score Distribution

Percentile by Number Answered

Percent of People with Each Score

Your Score History

You have not taken this quiz